| 000 | 01084cam a2200289 a 4500 | ||
|---|---|---|---|
| 001 | 15162605 | ||
| 005 | 20250115081127.0 | ||
| 008 | 080131s2009 caua b 001 0 eng | ||
| 020 | _a9780495556466 | ||
| 020 | _a0495556467 | ||
| 050 | 0 | 0 |
_aQP141 _b.W458 2009 |
| 082 | 0 | 0 |
_a613.2 _222 |
| 100 | 1 | _aRolfes, Sharon Rady. | |
| 245 | 1 | 0 |
_aUnderstanding normal and clinical nutrition / _cSharon Rady Rolfes, Kathryn Pinna, Ellie Whitney. |
| 250 | _a8th ed. | ||
| 260 |
_aBelmont, CA : _bWadsworth/Cengage Learning, _cc2009. |
||
| 300 |
_a1 v. (various pagings) : _bcol. ill. ; _c29 cm. |
||
| 650 | 0 | _aNutrition. | |
| 650 | 0 | _aDiet therapy. | |
| 650 | 0 | _aDietetics. | |
| 700 | 1 | _aPinna, Kathryn. | |
| 700 | 1 | _aWhitney, Ellie | |
| 856 | 4 | 2 |
_3Publisher description _uhttp://www.loc.gov/catdir/enhancements/fy1212/2008922067-d.html |
| 856 | 4 | 1 |
_3Table of contents only _uhttp://www.loc.gov/catdir/enhancements/fy1212/2008922067-t.html |
| 856 | 4 | 2 |
_3Contributor biographical information _uhttp://www.loc.gov/catdir/enhancements/fy1302/2008922067-b.html |
| 942 |
_2lcc _cBK _e8th ed. _n0 |
||
| 999 |
_c2532 _d2532 |
||